Imprenta bahiense /

Guardado en:
Autor Principal: Matijevic, Nicolás
Formato: Libro
Publicado: Bahía Blanca : Universidad Nacional del Sur, 1978
Materias:
Etiquetas: Agregar Etiqueta
Sin Etiquetas, Sea el primero en etiquetar este registro!
LEADER 00686nam a22002175a 4500
001 CEM.cems010251
005 20080530082126.0
008 130507s1978##################000#0#####d
003 CEMS
082 0 4 |a 982.1 
100 1 |a Matijevic, Nicolás 
245 1 0 |a Imprenta bahiense /  |c Nicolás Matijevic 
260 |a Bahía Blanca :  |b Universidad Nacional del Sur,  |c 1978 
300 |a 92 p. 
505 0 |a Breve reseña histórica -- Bibliografía impresa en Bahía Blanca 
653 |a Bahía blanca-historia 
653 |a Bahía blanca-imprenta 
653 |a Imprenta bahiense 
653 |a Imprenta 
653 |a Imprenta-historia 
859 |a CEMS  |b BIB. CEMS - 11 de abril  |h 982.1  |i M427  |p 20711.00  |t Ej.1